A church training juniors. (Record no. 7406)

MARC details
000 -LEADER
fixed length control field 00713cam a2200229u 4500
001 - CONTROL NUMBER
control field 8470582
003 - CONTROL NUMBER IDENTIFIER
control field GBCCL
005 - DATE AND TIME OF LATEST TRANSACTION
control field 20241126110627.0
008 - FIXED-LENGTH DATA ELEMENTS--GENERAL INFORMATION
fixed length control field 811109s1966 tnu 100 0 eng
010 ## -
-- 66013317
040 ## - CATALOGING SOURCE
Original cataloging agency DLC
Transcribing agency CarP
Modifying agency DLC
050 00 -
-- BV1547
-- .S5
082 ## - DEWEY DECIMAL CLASSIFICATION NUMBER
Classification number 268.432
Item number SHA
100 1# - MAIN ENTRY--PERSONAL NAME
Personal name Sharp, Margaret. [from old catalog]
9 (RLIN) 13097
245 12 - TITLE STATEMENT
Title A church training juniors.
260 ## - PUBLICATION, DISTRIBUTION, ETC.
Place of publication, distribution, etc. Nashville,
Name of publisher, distributor, etc. Convention Press
Date of publication, distribution, etc. [1966]
300 ## - PHYSICAL DESCRIPTION
Extent xiv, 145 p.
Dimensions 20 cm.
650 #0 - SUBJECT ADDED ENTRY--TOPICAL TERM
Topical term or geographic name entry element Religious education of children.
9 (RLIN) 5997
711 2# -
-- Southern Baptist Convention.
-- Sunday School Board. [from old catalog]
-- 13098
906 ## - LOCAL DATA ELEMENT F, LDF (RLIN)
a 0
b cbc
c premunv
d u
e ncip
f 19
g y-gencatlg
942 ## - ADDED ENTRY ELEMENTS (KOHA)
Source of classification or shelving scheme Dewey Decimal Classification
Koha item type Books
Koha issues (borrowed), all copies 5
Holdings
Withdrawn status Lost status Source of classification or shelving scheme Damaged status Not for loan Home library Current Library Shelving location Date acquired Total checkouts Full call number Barcode Date last seen Date last checked out Copy number Price effective from Koha item type
    Dewey Decimal Classification     GRACE BIBLE COLLEGE GRACE BIBLE COLLEGE Ministry & Mission 2018-08-06 5 268.432 SHA 002429 2025-05-01 2023-02-13 c.1 2018-08-06 Books
© Grace Bible College Library 2025